000 00586nam a22001937a 4500
005 20251108170131.0
008 250721s1999 xx 000 0 ara d
082 1 4 _a028.7/عمد
100 1 _aالعمد، هاني
245 1 0 _aمصادر المكتبة العربية في اللغة و الأدب و المعاجم و التراجم /
264 1 _aعمان :
_c1999.
300 _aج
650 1 7 _aالمكتبات
650 1 7 _aالموارد المرجعية
650 1 7 _aمقتنيات المكتبات
650 1 7 _aالكتب
942 _2ddc
_cREF
999 _c40559
_d40559